Premier League Champions By Year - Statistics

General Stats
  • This quiz has been taken 37 times
  • The average score is 31 of 33
Answer Stats
Hint Answer % Correct
2009/10 Chelsea
100%
2002/03 Manchester United
100%
2003/04 Arsenal
97%
2019/20 Liverpool
97%
2011/12 Manchester City
97%
2013/14 Manchester City
97%
2017/18 Manchester City
97%
2018/19 Manchester City
97%
2020/21 Manchester City
97%
2021/22 Manchester City
97%
2022/23 Manchester City
97%
1998/99 Manchester United
97%
1999/00 Manchester United
97%
2000/01 Manchester United
97%
2006/07 Manchester United
97%
2007/08 Manchester United
97%
2010/11 Manchester United
97%
2004/05 Chelsea
94%
2005/06 Chelsea
94%
2014/15 Chelsea
94%
2016/17 Chelsea
94%
2015/16 Leicester City
94%
2024/25 Liverpool
94%
2023/24 Manchester City
94%
1992/93 Manchester United
94%
1993/94 Manchester United
94%
1995/96 Manchester United
94%
1996/97 Manchester United
94%
2008/09 Manchester United
94%
2012/13 Manchester United
94%
1997/98 Arsenal
88%
2001/02 Arsenal
88%
1994/95 Blackburn Rovers
88%
No matching quizzes found
Score Distribution
Percent of People with Each Score
Percentile by Number Answered
Your Score History
You have not taken this quiz